banner koha

Efeito do pastejo suplementar em banco de proteina de leucaena no acabamento de novilhas de corte em pastagem de capim-buffel (Registro n. 283686)

MARC details
000 -LÍDER
campo de controle de tamanho fixo 01020nac a22003017a 4500
001 - NÚMERO DE CONTROLE
campo de controle BR9101574
003 - IDENTIFICADOR DO NÚMERO DE CONTROLE
campo de controle BR-BrBNA
005 - DATA E HORÁRIO DA ÚLTIMA TRANSAÇÃO
campo de controle 20240105121149.0
008 - CAMPO DE DADOS FIXOS--INFORMAÇÃO GERAL
campo de controle de tamanho fixo 230509b bl.|||m| |||| 00| 0 por d
040 ## - FONTE DA CATALOGAÇÃO
Instituição da catalogação original BR-BrBNA
Idioma da catalogação por
Instituição que transcreveu o registro Biblioteca Nacional de Agricultura
072 ## - CÓDIGO DE CATEGORIA DE ASSUNTO
Código de Categoria de Assunto L02
090 ## - NÚMERO DE CHAMADA LOCAL
Número de chamada 5212 BR9101574
100 1# - ENTRADA PRINCIPAL--NOME PESSOAL
Nome pessoal Carvalho Filho, O.M. de
100 1# - ENTRADA PRINCIPAL--NOME PESSOAL
Nome pessoal Languidey, P.H.
110 1# - ENTRADA PRINCIPAL--NOME CORPORATIVO
Nome corporativo ou nome da jurisdição Centro Nacional de Pesquisa de Coco, Aracaju, SE (Brasil)
9 (RLIN) 1760
245 1# - TÍTULO
Título Efeito do pastejo suplementar em banco de proteina de leucaena no acabamento de novilhas de corte em pastagem de capim-buffel
260 3# - PUBLICAÇÃO, DISTRIBUIÇÃO, ETC.
Local de publicação, distribuição, etc. Aracaju, SE (Brasil):
Data da publicação, distribuição, etc. 1991.
300 ## - DESCRIÇÃO FÍSICA
Extensão 8 p.
490 ## - TÍTULO DA SÉRIE
Título da série Comunicado Tecnico - Centro Nacional de Pesquisa de Coco (Brazil)
Número do volume ou designação sequencial da série no. 29
ISSN - International Standard Serial Number ISSN 0102-9967
650 ## - ASSUNTO--TERMO TÓPICO
Cabeçalho tópico ou nome geográfico NOVILHO DE CORTE
650 ## - ASSUNTO--TERMO TÓPICO
Cabeçalho tópico ou nome geográfico GADO ZEBU
650 ## - ASSUNTO--TERMO TÓPICO
Cabeçalho tópico ou nome geográfico CAPIM BUFFEL
650 ## - ASSUNTO--TERMO TÓPICO
Cabeçalho tópico ou nome geográfico PASTEJO
650 ## - ASSUNTO--TERMO TÓPICO
Cabeçalho tópico ou nome geográfico SUPLEMENTO ALIMENTAR
650 ## - ASSUNTO--TERMO TÓPICO
Cabeçalho tópico ou nome geográfico PROTEINA
909 ## -
-- 202312
-- Lúcia Elande
-- 55
-- Lúcia Elande
942 ## - ELEMENTOS DE ENTRADA ADICIONADOS (KOHA)
Fonte da classificação ou esquema de arquivamento na estante Classificação AGRIS
Ocultar no OPAC Não
Tipo de material Koha Monografia Seriada
Exemplares
Situação do descarte Fonte da classificação ou esquema de arquivamento na estante Situação física Não pode ser emprestado Coleção Biblioteca de origem Biblioteca atual Localização na estante Total de empréstimos Número de telefone completo Código de barras Data de último acesso Tipo de material Koha Fonte de aquisição
  Classificação AGRIS       Biblioteca Nacional de Agricultura - Binagri Biblioteca Nacional de Agricultura - Binagri Agrobase - Acervo Geral   5212 BR9101574 5212 BR9101574 18/12/2023 Monografia Seriada Portaria Interministerial nº 164/94

BINAGRI

Telefone: (61)3218-2567/2388/3357/2097 - binagri@agro.gov.br

Ministério da Agricultura e Pecuária , Esplanada dos Ministérios, Bloco D, Anexo B, Brasília/DF, CEP: 70.043-900